The living seashore

Bibliographic Details
Main Author: Hester, Nigel
Format: Book
Published: London : Franklin Watts , 1992
Series:Nature watch
Subjects:

MARC

LEADER 00000cam a2200000 7i4500
001 0000002608
002 000002835
005 .0
020 |a 0749605642 
090 0 0 |a J 030   |b NAT 
100 1 |a Hester, Nigel 
245 1 4 |a The living seashore   |c Nigel Hester 
260 |a London :   |b Franklin Watts ,   |c 1992 
300 |a 32 p. ;   |c 27 cm. 
490 0 |a Nature watch 
650 0 0 |a Seashore   |x Juvenile literature 
999 |a 036117   |b BUKU   |c JUNIOR BOOKS   |e PERPUSTAKAAN KOMUNITI PETALING JAYA